000 00233nam a2200097Ia 4500
008 190216s9999||||xx |||||||||||||| ||und||
100 _aNull
245 0 _aHindi-Rathnij
260 _bSahithya Pravarthaka Sahakarana Sangam
942 _cBK
999 _c18253
_d18253